00529nam a2200205Ia 450000500170000000800410001702000180005804100120007608200170008810000170010524500460012225000120016826000300018030000210021065000160023165000150024770000210026270000180028370000220030120260429112133.0260429s9999||||xx |||||||||||||| ||und|| a9789367130643 aEnglish a150.727bARO aAron, Arthur 0aStatistics for psychology / cArthur Aron a7th ed. aNoida : bPearson,c2026. axiv, 673 p.; pbk a Statistics aPsychology a Aron, Elaine N. a Cooley, Erin a Coups, Elliot J.